Fr. Conceicao Rodrigues College of Engineering

Text book of Organic Chemistry (Record no. 25048)

MARC details
000 -LEADER
fixed length control field 00319nam a2200145Ia 4500
082 ## - DEWEY DECIMAL CLASSIFICATION NUMBER
Classification number 547
Item number FER
100 ## - MAIN ENTRY--PERSONAL NAME
Personal name Ferguson/L.N
245 ## - TITLE STATEMENT
Title Text book of Organic Chemistry
260 ## - PUBLICATION, DISTRIBUTION, ETC.
Name of publisher, distributor, etc. East west press
Place of publication, distribution, etc. New Delhi
Date of publication, distribution, etc. 1965
300 ## - PHYSICAL DESCRIPTION
Extent 755
546 ## - LANGUAGE NOTE
Language note ENGLISH
650 ## - SUBJECT ADDED ENTRY--TOPICAL TERM
Topical term or geographic name entry element Chemistry
654 ## - SUBJECT ADDED ENTRY--FACETED TOPICAL TERMS
Focus term organic
942 ## - ADDED ENTRY ELEMENTS (KOHA)
Koha item type BOOK
Holdings
Withdrawn status Lost status Damaged status Not for loan Collection Home library Current library Date acquired Cost, normal purchase price Total Checkouts Full call number Barcode Date last seen Cost, replacement price Price effective from Koha item type
        CRC Fr. Agnel's C.Rodrigues College of Engineering Fr. Agnel's C.Rodrigues College of Engineering 17/03/2023 40.00   547 FER 9 17/03/2023 40.00 17/03/2023 BOOK